Australia Tile Select - Statistics

General Stats
  • This quiz has been taken 136 times
  • The average score is 37 of 48
Answer Stats
Question Tile Select % Correct
Australian states Queensland Yes
99%
Australian states Western Australia Yes
99%
Australian states New South Wales Yes
98%
Australian states Norfolk Island No
97%
National animals of Australia Kangaroo Yes
94%
Australian states Tasmania Yes
94%
Political parties with seats in the Australia House of Representatives Child Protection No
93%
State capitals of Australia Perth Yes
93%
Australian states Victoria Yes
93%
State capitals of Australia Brisbane Yes
91%
Australian actors Aaron Paul No
90%
Australian states Canberra No
90%
State capitals of Australia Gold Coast No
90%
State capitals of Australia Cairns No
89%
Correctly translated Australian slang Chook - Chocolate No
88%
Australian actors Keanu Reeves No
88%
Australian actors Ryan Reynolds No
88%
State capitals of Australia Adelaide Yes
87%
National animals of Australia Cassowary No
87%
Australian actors Emily Blunt No
86%
State capitals of Australia Melbourne Yes
86%
Correctly translated Australian slang Sheila - Woman Yes
86%
State capitals of Australia Sydney Yes
86%
Australian actors Hugh Jackman Yes
85%
Australian states South Australia Yes
84%
State capitals of Australia Hobart Yes
83%
Political parties with seats in the Australia House of Representatives Jacqui Lambie Network No
83%
Australian actors Nicole Kidman Yes
83%
Correctly translated Australian slang Plonk - Old Man No
83%
National animals of Australia Emu Yes
79%
Political parties with seats in the Australia House of Representatives Labor Yes
78%
National animals of Australia Dingo No
74%
Correctly translated Australian slang Dunny - Toilet Yes
74%
National animals of Australia Platypus No
74%
Political parties with seats in the Australia House of Representatives Christian Democratic No
73%
Political parties with seats in the Australia House of Representatives Greens Yes
70%
Correctly translated Australian slang Arvo - Afternoon Yes
69%
Political parties with seats in the Australia House of Representatives Liberal Yes
68%
Australian actors Cate Blanchett Yes
66%
Correctly translated Australian slang Bathers - Swimsuit Yes
63%
Australian actors Geoffrey Rush Yes
46%
Political parties with seats in the Australia House of Representatives Liberal-National Yes
45%
National animals of Australia Koala No
43%
Political parties with seats in the Australia House of Representatives National Yes
43%
Australian states Northern Territory No
42%
Political parties with seats in the Australia House of Representatives Conservatives No
41%
Australian actors Russell Crowe No
33%
State capitals of Australia Darwin No
27%
No matching quizzes found
Score Distribution
Percent of People with Each Score
Percentile by Number Answered
Your Score History
You have not taken this quiz